Krantikari Kishore/ (Record no. 24556)
[ view plain ]
| 000 -LEADER | |
|---|---|
| fixed length control field | 00354nam a22001451a 4500 |
| 020 ## - INTERNATIONAL STANDARD BOOK NUMBER | |
| ISBN | 9788185830902 |
| 082 ## - DEWEY DECIMAL CLASSIFICATION NUMBER | |
| Classification number | H 951.036 |
| Item number | ASH/K |
| 100 ## - MAIN ENTRY--AUTHOR NAME | |
| Personal name | Asha Rani Vohra |
| 245 ## - TITLE STATEMENT | |
| Title | Krantikari Kishore/ |
| Statement of responsibility, etc | by Asha Rani Vohra |
| 260 ## - PUBLICATION, DISTRIBUTION, ETC. (IMPRINT) | |
| Place of publication | New Delhi: |
| Name of publisher | Satsahitya, |
| Year of publication | 1997. |
| 300 ## - PHYSICAL DESCRIPTION | |
| Number of Pages | 225p. |
| 650 ## - SUBJECT ADDED ENTRY--TOPICAL TERM | |
| Topical Term | History Revolution |
| 650 ## - SUBJECT ADDED ENTRY--TOPICAL TERM | |
| Topical Term | History |
| 942 ## - ADDED ENTRY ELEMENTS (KOHA) | |
| Koha item type | Book |
| Withdrawn status | Lost status | Damaged status | Not for loan | Permanent Location | Current Location | Date acquired | Cost, normal purchase price | Full call number | Accession Number | Cost, replacement price | Price effective from | Koha item type |
|---|---|---|---|---|---|---|---|---|---|---|---|---|
| Sree Sankaracharya University of Sanskrit | Sree Sankaracharya University of Sanskrit | 08.01.2015 | 175.00 | H951.036 ASH/K | 034136 | 0.00 | 08.01.2015 | Book | ||||
| Sree Sankaracharya University of Sanskrit | Sree Sankaracharya University of Sanskrit | 08.01.2015 | 175.00 | H951.036 ASH/K | 045022 | 0.00 | 08.01.2015 | Book |